00680nam a2200193 a 450000100060000000300090000600800410001502000150005604000280007108200170009910000190011624500450013526000420018030000110022250501820023365000270041565000250044265000190046716894CO-ViMGA141112s2004 ck r 000 u spa d a8427712766 aCO-ViMGAbspacCO-ViMGA04a370.18 B151m1 aBalaban, Nancy10aNiños apegados, niños independientes aMadríd (España), cNarcea, c2000 a119.p. aEmpieza a ir a la escuela Que significa separarse Aprender del comportamiento infantil Tu función, utilizar el curriculum Padres y maestros, aprender juntos Política escolar14aeducación DE NIÑOS14aNIÑOS - PSICOLOGIA14aPADRES E HIJOS